| 000 | 00455nam a2200157 a 4500 | ||
|---|---|---|---|
| 005 | 20140414132140.0 | ||
| 008 | 140203s19uu xx 00 eng d | ||
| 020 | _a9781848813171 | ||
| 050 |
_aREF 590 _bJa12 2008 |
||
| 100 | _aJackson, Tom | ||
| 245 | _aComplete illustrated encyclopedia of animals of the world (The). | ||
| 260 |
_aLondon : _bAnness Publishing, _cc2008. |
||
| 300 | _a512 | ||
| 650 |
_aZoology- _xjuvenile literature |
||
| 999 |
_c115339 _d115339 |
||